<?xml version="1.0" encoding="UTF-8"?>
<marc:record xmlns:marc="http://www.loc.gov/MARC21/slim">
   <marc:leader>00000nam a2200000 a 4500</marc:leader>
   <marc:datafield ind1="1" ind2=" " tag="100">
      <marc:subfield code="a">Hilbert, Jörg </marc:subfield>
      <marc:subfield code="4">aut</marc:subfield>
      <marc:subfield code="e">Verfasser/-in</marc:subfield>
   </marc:datafield>
   <marc:datafield ind1="0" ind2="0" tag="245">
      <marc:subfield code="a">Ritter Rost ist krank</marc:subfield>
   </marc:datafield>
   <marc:datafield ind1="0" ind2="0" tag="245">
      <marc:subfield code="b">Musical für Kinder</marc:subfield>
   </marc:datafield>
   <marc:datafield ind1=" " ind2="1" tag="264">
      <marc:subfield code="b">Terzio</marc:subfield>
      <marc:subfield code="c">2010</marc:subfield>
   </marc:datafield>
   <marc:datafield ind1="1" ind2=" " tag="490">
      <marc:subfield code="a">Ritter Rost</marc:subfield>
   </marc:datafield>
   <marc:datafield ind1="1" ind2=" " tag="520">
      <marc:subfield code="a">Der Ritter Rost ist krank. Jedenfalls behauptet er das von sich, denn sein Gesicht ist voller roter Punkte. Oder sind die etwa nur aufgemalt, weil er sich mal wieder vor der Hausarbeit drücken möchte? Um dies herauszufinden, besuchen Burgfräulein Bo und Koks der Drache gemeinsam mit Ritter Rost das "Rostpital", ein Krankenhaus speziell für Ritter. Dort kommen die drei einem erstaunlichen Geheimnis auf die Spur...</marc:subfield>
   </marc:datafield>
   <marc:datafield ind1=" " ind2=" " tag="020">
      <marc:subfield code="a">9783551270566</marc:subfield>
      <marc:subfield code="9">9783551270566</marc:subfield>
   </marc:datafield>
</marc:record>
